[Event "Junior Online 4NCL Division 4"]
[Site "online"]
[Date "2021.10.14"]
[EventDate "2021.10.14"]
[Round "5.126"]
[White "Birch, Cade"]
[WhiteElo "1100"]
[WhiteTeam "Staffordshire Oatcakes"]
[Black "Iyer, Shrinivas"]
[BlackElo "1000"]
[BlackTeam "Edgware Gambits H"]
[Result "0-1"]
[PlyCount "68"]

1. d4 d5 2. Bf4 Bf5 3. e3 Nf6 4. Bd3 e6 5. Nc3 Bb4 6. Ne2 Nc6 7. Qd2 O-O 8. O-O-O Be4 9. Ng3 Bxg2 10. Rhg1 Bf3 11. Rde1 Be4 12. a3 Ba5 13. Nh5 Nxh5 14. Bh6 Qh4 15. Bxg7 Nxg7 16. f3 Bxf3 17. Rxg7+ Kxg7 18. Rg1+ Kh8 19. e4 dxe4 20. Bxe4 Bxe4 21. b4 Nxb4 22. axb4 Bxb4 23. Qe3 Bxc3 24. Qxc3 Rg8 25. d5+ f6 26. dxe6 Rxg1+ 27. Kb2 Re8 28. Qxc7 Rxe6 29. Qf7 Rb6+ 30. Ka3 Ra1+ 31. Qa2 Rxa2+ 32. Kxa2 Qxh2 33. Ka3 Qd6+ 34. Ka4 Qb4# 0-1

[Event "Junior Online 4NCL Division 4"]
[Site "online"]
[Date "2021.10.14"]
[EventDate "2021.10.14"]
[Round "5.127"]
[White "Subramonian, Ananya"]
[WhiteElo "927"]
[WhiteTeam "Edgware Gambits H"]
[Black "Sohi, Sehej"]
[BlackElo "984"]
[BlackTeam "Staffordshire Oatcakes"]
[Result "1-0"]
[PlyCount "67"]

1. e4 e5 2. Nf3 Nc6 3. Bc4 Bc5 4. Nc3 Nf6 5. d3 O-O 6. O-O h6 7. Nh4 Nd4 8. Be3 d5 9. exd5 Bg4 10. Qc1 Bb4 11. Qb1 Bxc3 12. bxc3 Ne2+ 13. Kh1 Nxc3 14. Qc1 Ne2 15. Qb1 Qd6 16. Qxb7 Rab8 17. Qxa7 Rb2 18. Qa5 Rxc2 19. Qe1 Qa3 20. h3 Bh5 21. f3 Qxd3 22. Bxd3 Rc3 23. Bxe2 Rxe3 24. Nf5 Rd8 25. Qg3 g6 26. Nxe3 Nxd5 27. Nc2 Nc3 28. Bc4 Rd4 29. Nxd4 exd4 30. Qf4 g5 31. Qxd4 Na4 32. Rfe1 Bg6 33. Re8+ Kh7 34. Qh8# 1-0

[Event "Junior Online 4NCL Division 4"]
[Site "online"]
[Date "2021.10.14"]
[EventDate "2021.10.14"]
[Round "5.128"]
[White "Birch, Cara"]
[WhiteElo "900"]
[WhiteTeam "Staffordshire Oatcakes"]
[Black "Kaur, Samara"]
[BlackElo "900"]
[BlackTeam "Edgware Gambits H"]
[Result "0-1"]
[PlyCount "90"]

1. e4 e5 2. Nf3 Bc5 3. Bb5 g5 4. Nxe5 Qf6 5. Ng4 Qe6 6. h3 Qxe4+ 7. Be2 Qxg2 8. Rf1 Qxh3 9. Ne5 d6 10. Nd3 Qh6 11. b4 Bh3 12. Rh1 Qf6 13. Nc3 Bf5 14. bxc5 dxc5 15. Nxc5 Qc6 16. Nd3 Qxh1+ 17. Bf1 Nf6 18. Qe2+ Kd8 19. Ne5 Re8 20. Nxf7+ Kc8 21. Ne5 Nc6 22. d4 Nxd4 23. Qc4 Rxe5+ 24. Be3 Nxc2+ 25. Ke2 Nd5 26. Nxd5 Rxd5 27. Rc1 Bd3+ 28. Qxd3 Rxd3 29. Kxd3 Nxe3 30. fxe3 Kd7 31. e4 Qf3+ 32. Kd4 Ke8 33. Rxc7 Rd8+ 34. Ke5 Qxf1 35. Ke6 Qa6+ 36. Ke5 Qd6+ 37. Kf5 Qxc7 38. Kxg5 Rd6 39. Kf5 Qf7+ 40. Ke5 Re6+ 41. Kd4 Qd7+ 42. Ke3 Qc6 43. Kf4 Qxe4+ 44. Kg5 Rg6+ 45. Kh5 Qh1# 0-1

[Event "Junior Online 4NCL Division 4"]
[Site "online"]
[Date "2021.10.14"]
[EventDate "2021.10.14"]
[Round "5.131"]
[White "Tewari, Vivaan"]
[WhiteElo "1080"]
[WhiteTeam "Chess Challengers F"]
[Black "Chapple, Robin"]
[BlackElo "1048"]
[BlackTeam "Surrey Kings 3"]
[Result "0-1"]
[PlyCount "118"]

1. Nf3 d5 2. g3 Nc6 3. Bg2 e5 4. O-O e4 5. Nh4 Nf6 6. Nc3 Be6 7. d4 exd3 8. exd3 Bb4 9. Ne2 O-O 10. Nf4 Bc8 11. c3 Bd6 12. Be3 Re8 13. c4 dxc4 14. dxc4 Be6 15. Nxe6 Rxe6 16. Bd5 Re8 17. c5 Nxd5 18. Qxd5 Be7 19. Qc4 Ne5 20. Qc3 Nc6 21. Nf5 Bf6 22. Qc2 Nd4 23. Bxd4 Bxd4 24. Nxd4 Qxd4 25. Rfd1 Qe4 26. Qc3 Rad8 27. Rxd8 Rxd8 28. b3 Qd4 29. Qc1 b6 30. cxb6 axb6 31. Rb1 Qd6 32. Qf4 Qxf4 33. gxf4 f6 34. Kg2 Rd2 35. Ra1 Kf7 36. Kf3 Ke6 37. Ke3 Rc2 38. Kf3 Kf5 39. Ke3 Kg4 40. Kd3 Rxf2 41. Rg1+ Kxf4 42. h3 Rxa2 43. Rg4+ Kf5 44. Rxg7 h5 45. Rxc7 Rh2 46. Kd4 Rxh3 47. Kc4 Rh1 48. Kb5 Rb1 49. Kxb6 Rxb3+ 50. Ka5 h4 51. Rc5+ Kg4 52. Rc4+ Kg3 53. Rc6 h3 54. Rxf6 h2 55. Rg6+ Kf4 56. Rf6+ Kg4 57. Rg6+ Kh5 58. Rg2 h1=Q 59. Ra2 Qa8# 0-1

[Event "Junior Online 4NCL Division 4"]
[Site "online"]
[Date "2021.10.14"]
[EventDate "2021.10.14"]
[Round "5.132"]
[White "Josse, Jack"]
[WhiteElo "1106"]
[WhiteTeam "Surrey Kings 3"]
[Black "Kulkarni, Esha"]
[BlackElo "1070"]
[BlackTeam "Chess Challengers F"]
[Result "0-1"]
[PlyCount "84"]

1. e4 e5 2. Qh5 Nf6 3. Qxe5+ Be7 4. Qg5 Nxe4 5. Qxg7 Bf6 6. Qh6 Nc6 7. f3 Bg5 8. Qh3 d5 9. Qh5 Nc5 10. c3 Qe7+ 11. Ne2 Be6 12. d4 Nd3+ 13. Kd1 Nxc1 14. a4 Nxe2 15. Bxe2 O-O-O 16. Na3 h6 17. Nb5 Kb8 18. Ra3 a6 19. Nxc7 Kxc7 20. h4 Bf4 21. Rb3 Kb8 22. Bxa6 Na5 23. Rxb7+ Nxb7 24. g3 Bxg3 25. Rf1 Bxh4 26. Qe5+ Nd6 27. Qe2 f5 28. b4 Qc7 29. b5 Rde8 30. b6 Qxb6 31. Kd2 Ka7 32. a5 Qxa5 33. Rb1 Rc8 34. Kd1 Qxa6 35. c4 dxc4 36. Qxe6 c3 37. Qe7+ Nb7 38. Qxh4 c2+ 39. Kc1 cxb1=Q+ 40. Kxb1 Qb5+ 41. Ka1 Rc3 42. Qe1 Ra3# 0-1

[Event "Junior Online 4NCL Division 4"]
[Site "online"]
[Date "2021.10.14"]
[EventDate "2021.10.14"]
[Round "5.133"]
[White "Borra, Sri Mayi"]
[WhiteElo "1080"]
[WhiteTeam "Chess Challengers F"]
[Black "Arora, Bukkan"]
[BlackElo "1022"]
[BlackTeam "Surrey Kings 3"]
[Result "1-0"]
[PlyCount "67"]

1. e4 e5 2. Nf3 Nc6 3. Nc3 d6 4. a3 Be6 5. Be2 f5 6. exf5 Bxf5 7. O-O Nf6 8. d3 Qe7 9. Bg5 O-O-O 10. b4 g6 11. Nd5 Qe6 12. Nxf6 Bg7 13. Ne4 Rhf8 14. Bxd8 Kxd8 15. Nfg5 Qf6 16. Nxf6 Bxf6 17. Nxh7 Rf7 18. Nxf6 Rxf6 19. h3 Nd4 20. g4 Be6 21. g5 Rf7 22. h4 Bh3 23. Re1 Kc8 24. a4 Nc6 25. b5 Na5 26. c3 Bd7 27. d4 exd4 28. cxd4 Rf5 29. Bg4 Rf7 30. Bxd7+ Rxd7 31. Re8+ Rd8 32. Qe1 Nc4 33. Qe7 Nb6 34. Rxd8# 1-0

[Event "Junior Online 4NCL Division 4"]
[Site "online"]
[Date "2021.10.14"]
[EventDate "2021.10.14"]
[Round "5.135"]
[White "Chapple, Robin"]
[WhiteElo "1048"]
[WhiteTeam "Surrey Kings 3"]
[Black "Tewari, Vivaan"]
[BlackElo "1080"]
[BlackTeam "Chess Challengers F"]
[Result "0-1"]
[PlyCount "60"]

1. d4 e6 2. c4 Nf6 3. Nc3 g6 4. e4 Bg7 5. f4 O-O 6. e5 Nh5 7. g4 Qh4+ 8. Kd2 Qf2+ 9. Nce2 Nxf4 10. Kc2 h5 11. gxh5 Nxh5 12. Nh3 Qf5+ 13. Qd3 Qxd3+ 14. Kxd3 Nc6 15. Bg2 Nb4+ 16. Kc3 Na6 17. Be3 d5 18. exd6 cxd6 19. Nef4 Nxf4 20. Nxf4 Rb8 21. b4 e5 22. dxe5 dxe5 23. Nd5 e4+ 24. Kb3 Bxa1 25. Rxa1 b5 26. c5 Be6 27. Bxe4 f5 28. Bh1 f4 29. Bf2 Rbd8 30. Rd1 Rf5 0-1

[Event "Junior Online 4NCL Division 4"]
[Site "online"]
[Date "2021.10.14"]
[EventDate "2021.10.14"]
[Round "5.136"]
[White "Kulkarni, Esha"]
[WhiteElo "1070"]
[WhiteTeam "Chess Challengers F"]
[Black "Josse, Jack"]
[BlackElo "1106"]
[BlackTeam "Surrey Kings 3"]
[Result "0-1"]
[PlyCount "22"]

1. e4 e5 2. Nf3 Nc6 3. Bc4 Nf6 4. Nc3 Ng4 5. O-O Qf6 6. h3 Nh6 7. d4 Nxd4 8. Nxd4 exd4 9. Nd5 Qe5 10. Bd3 Bd6 11. a4 Qh2# 0-1

[Event "Junior Online 4NCL Division 4"]
[Site "online"]
[Date "2021.10.14"]
[EventDate "2021.10.14"]
[Round "5.137"]
[White "Arora, Bukkan"]
[WhiteElo "1022"]
[WhiteTeam "Surrey Kings 3"]
[Black "Borra, Sri Mayi"]
[BlackElo "1080"]
[BlackTeam "Chess Challengers F"]
[Result "1/2-1/2"]
[PlyCount "39"]

1. d4 d5 2. Nc3 Nf6 3. Nf3 Nc6 4. Bf4 Bg4 5. e3 e6 6. Nb5 Rc8 7. Bd3 Bb4+ 8. Nc3 O-O 9. O-O a6 10. h3 Bh5 11. Bg5 b5 12. Be2 Bd6 13. Qd3 Ra8 14. Bxf6 Qxf6 15. Nd2 Bxe2 16. Qxe2 b4 17. Ncb1 e5 18. Nf3 e4 19. Nh2 a5 20. f3 1/2-1/2

[Event "Junior Online 4NCL Division 4"]
[Site "online"]
[Date "2021.10.14"]
[EventDate "2021.10.14"]
[Round "5.141"]
[White "Liu, Reuben"]
[WhiteElo "908"]
[WhiteTeam "Surrey Kings 4"]
[Black "Beatham, Christopher"]
[BlackElo "1249"]
[BlackTeam "Leeds Juniors 4"]
[Result "0-1"]
[PlyCount "126"]

1. e4 c6 2. d4 d5 3. e5 Bf5 4. Nf3 e6 5. c3 c5 6. Bb5+ Nd7 7. O-O g6 8. Bf4 a6 9. Ba4 b5 10. Bb3 c4 11. Bc2 Bxc2 12. Qxc2 Bg7 13. Nbd2 Ne7 14. Ng5 O-O 15. Ndf3 Nf5 16. b3 Bh6 17. Nh3 Bxf4 18. Nxf4 Nh4 19. Nxh4 Qxh4 20. Nh3 f6 21. exf6 Qxf6 22. Rae1 Rae8 23. bxc4 bxc4 24. Qa4 Rf7 25. Qxa6 Rfe7 26. Re5 Nxe5 27. dxe5 Qxe5 28. f4 Qxc3 29. Rf3 Qe1+ 30. Rf1 Qe3+ 31. Rf2 c3 32. Qf1 d4 33. Kh1 d3 34. Rf3 Qe2 35. Qxe2 dxe2 36. Rxc3 e1=Q+ 37. Ng1 Qxc3 38. a4 Qa3 39. a5 Qxa5 40. f5 Qxf5 41. g4 Qf3+ 42. Nxf3 e5 43. Nxe5 Rxe5 44. h4 Re1+ 45. Kg2 R8e2+ 46. Kf3 h5 47. gxh5 gxh5 48. Kf4 Re4+ 49. Kg5 Rg1+ 50. Kxh5 Rh1 51. Kg5 Rexh4 52. Kg6 Rg1+ 53. Kf6 Rf4+ 54. Ke5 Rf2 55. Ke4 Re1+ 56. Kd3 Rf8 57. Kd2 Re7 58. Kd3 Rd8+ 59. Kc4 Rc7+ 60. Kb5 Rb8+ 61. Ka6 Rc1 62. Ka7 Rb2 63. Ka6 Ra1# 0-1

[Event "Junior Online 4NCL Division 4"]
[Site "online"]
[Date "2021.10.14"]
[EventDate "2021.10.14"]
[Round "5.142"]
[White "Braunstein, Yael"]
[WhiteElo "1228"]
[WhiteTeam "Leeds Juniors 4"]
[Black "Goldhawk, Harrison"]
[BlackElo "959"]
[BlackTeam "Surrey Kings 4"]
[Result "1-0"]
[PlyCount "87"]

1. d4 d5 2. Bf4 Bf5 3. Nf3 Nf6 4. e3 e6 5. Bd3 Bd6 6. Bxf5 exf5 7. Bg3 Bb4+ 8. c3 Bd6 9. Nbd2 Bxg3 10. hxg3 Ng4 11. Qb3 Nc6 12. Qxb7 Na5 13. Qb5+ Qd7 14. Qxa5 Qc8 15. Ne5 c6 16. Qa4 O-O 17. Qxc6 Qxc6 18. Nxc6 Rac8 19. Nxa7 Rb8 20. b4 Ra8 21. Nc6 Rac8 22. Ne7+ Kh8 23. Nxc8 Rxc8 24. Rc1 Ra8 25. Rc2 Ra3 26. Ke2 Nf6 27. Rb1 Ne4 28. Nxe4 fxe4 29. b5 Ra8 30. b6 Rb8 31. a4 h5 32. Ra2 g5 33. b7 h4 34. gxh4 gxh4 35. a5 f5 36. a6 Rg8 37. b8=Q Rxb8 38. Rxb8+ Kg7 39. Rb6 f4 40. exf4 h3 41. gxh3 Kf7 42. a7 e3 43. a8=Q exf2 44. Ra7# 1-0

[Event "Junior Online 4NCL Division 4"]
[Site "online"]
[Date "2021.10.14"]
[EventDate "2021.10.14"]
[Round "5.143"]
[White "Oâ€™Sullivan, Jack"]
[WhiteElo "978"]
[WhiteTeam "Surrey Kings 4"]
[Black "Maniyar, Arnav"]
[BlackElo "1200"]
[BlackTeam "Leeds Juniors 4"]
[Result "0-1"]
[PlyCount "146"]

1. e4 c6 2. d4 d5 3. Nc3 dxe4 4. Nxe4 Bf5 5. Bd3 e6 6. c3 Nf6 7. Nf3 Bxe4 8. Bxe4 Nxe4 9. O-O Bd6 10. Be3 O-O 11. Qd3 Nf6 12. Bg5 Nbd7 13. Rad1 Qc7 14. b3 Rfe8 15. c4 b5 16. cxb5 cxb5 17. a4 b4 18. Rd2 Re7 19. Bxf6 Nxf6 20. Ne5 Nd7 21. Nxd7 Bxh2+ 22. Kh1 Rxd7 23. g3 Bxg3 24. Qxg3 Qxg3 25. fxg3 Rad8 26. Rdf2 f6 27. Re2 Kf7 28. Rfe1 Re8 29. Rd2 e5 30. Rde2 Rxd4 31. Re4 Rxe4 32. Rxe4 a5 33. Kg2 f5 34. Re1 g6 35. Rf1 Kf6 36. g4 f4 37. Kf3 g5 38. Ke4 Rc8 39. Kd5 Rc3 40. Re1 Rd3+ 41. Kc4 Re3 42. Rf1 f3 43. Kb5 Rxb3 44. Kxa5 Ra3 45. Kxb4 Ra2 46. Rxf3+ Kg6 47. Rf5 h5 48. Rxe5 hxg4 49. Re3 Rb2+ 50. Ka3 Rf2 51. Rg3 Rf3+ 52. Kb4 Rxg3 53. a5 Rg1 54. a6 Ra1 55. Kb5 Rxa6 56. Kxa6 g3 57. Kb5 g2 58. Kc4 g1=Q 59. Kd3 Qf2 60. Ke4 Qg3 61. Kd5 Qf4 62. Ke6 Kh5 63. Kd5 g4 64. Ke6 Qg5 65. Kf7 Qh6 66. Kg8 Qd6 67. Kh8 Qf8+ 68. Kh7 Qh6+ 69. Kg8 Kg5 70. Kf7 Qf6+ 71. Kg8 Qe7 72. Kh8 Kg6 73. Kg8 Qg7# 0-1

[Event "Junior Online 4NCL Division 4"]
[Site "online"]
[Date "2021.10.14"]
[EventDate "2021.10.14"]
[Round "5.145"]
[White "Beatham, Christopher"]
[WhiteElo "1249"]
[WhiteTeam "Leeds Juniors 4"]
[Black "Liu, Reuben"]
[BlackElo "908"]
[BlackTeam "Surrey Kings 4"]
[Result "1-0"]
[PlyCount "45"]

1. d4 c6 2. Bf4 d5 3. e3 Bf5 4. Bd3 Bxd3 5. Qxd3 Nf6 6. Nd2 Nbd7 7. Ngf3 e6 8. c3 Be7 9. Ne5 O-O 10. h4 b6 11. g4 Nxe5 12. dxe5 Nxg4 13. Rg1 f5 14. f3 Bxh4+ 15. Bg3 Bxg3+ 16. Rxg3 Nxe5 17. Qd4 Qh4 18. Qxh4 Rf7 19. O-O-O g6 20. Rh1 Nd3+ 21. Kc2 Nf2 22. Rxg6+ hxg6 23. Qh8# 1-0

[Event "Junior Online 4NCL Division 4"]
[Site "online"]
[Date "2021.10.14"]
[EventDate "2021.10.14"]
[Round "5.146"]
[White "Goldhawk, Harrison"]
[WhiteElo "959"]
[WhiteTeam "Surrey Kings 4"]
[Black "Braunstein, Yael"]
[BlackElo "1228"]
[BlackTeam "Leeds Juniors 4"]
[Result "0-1"]
[PlyCount "72"]

1. e4 c6 2. Bc4 d5 3. exd5 cxd5 4. Bb5+ Nc6 5. Qe2 Nf6 6. Nf3 Bf5 7. Ne5 Qc7 8. d4 a6 9. Bxc6+ bxc6 10. Qf3 Bxc2 11. Na3 Be4 12. Qf4 Bxg2 13. Rg1 Be4 14. Qf5 Bxf5 15. Bg5 h6 16. Bf4 e6 17. Rc1 c5 18. Rc2 Qa5+ 19. Rd2 cxd4 20. Ke2 Bd6 21. Rxd4 Bxe5 22. Bxe5 Rg8 23. Rf4 Ke7 24. b4 Qxa3 25. Ra1 Qd3+ 26. Ke1 Ne4 27. Rd1 Qc4 28. Rd4 Qxa2 29. f3 Nc3 30. Rd2 Qa1+ 31. Kf2 Rab8 32. Bxb8 Rxb8 33. Rdd4 Qa2+ 34. Kg3 Ne2+ 35. Kh4 Nxd4 36. Rxd4 Qxh2# 0-1

[Event "Junior Online 4NCL Division 4"]
[Site "online"]
[Date "2021.10.14"]
[EventDate "2021.10.14"]
[Round "5.147"]
[White "Maniyar, Arnav"]
[WhiteElo "1200"]
[WhiteTeam "Leeds Juniors 4"]
[Black "Oâ€™Sullivan, Jack"]
[BlackElo "978"]
[BlackTeam "Surrey Kings 4"]
[Result "1-0"]
[PlyCount "57"]

1. d4 d5 2. Bf4 Nc6 3. e3 e6 4. Nf3 Bd6 5. Bg3 Nge7 6. Nbd2 Ng6 7. c4 O-O 8. Bd3 e5 9. cxd5 Nb4 10. Bc4 exd4 11. Nxd4 Bc5 12. N2b3 b6 13. a3 Bxd4 14. Nxd4 Nxd5 15. Nc6 Qd7 16. Qxd5 Qxd5 17. Bxd5 Bb7 18. Rc1 Ba6 19. Nb4 Rad8 20. Nxa6 Rxd5 21. Nxc7 Rd3 22. Ke2 Rfd8 23. Rhd1 Rxd1 24. Rxd1 Rc8 25. h4 f5 26. h5 f4 27. hxg6 fxg3 28. Nd5 gxf2 29. Ne7+ 1-0

[Event "Junior Online 4NCL Division 4"]
[Site "online"]
[Date "2021.10.14"]
[EventDate "2021.10.14"]
[Round "5.148"]
[White "Fairrie, Ralph"]
[WhiteElo "895"]
[WhiteTeam "Surrey Kings 4"]
[Black "Vineeth, Siddharth"]
[BlackElo "1120"]
[BlackTeam "Leeds Juniors 4"]
[Result "0-1"]
[PlyCount "38"]

1. e4 c5 2. Bc4 e6 3. Nc3 Nc6 4. Nf3 Nf6 5. d3 Be7 6. Bg5 O-O 7. Bxf6 Bxf6 8. O-O Qa5 9. Ne2 Bxb2 10. Ng5 Bxa1 11. Nc3 Bxc3 12. Qh5 h6 13. Nxe6 dxe6 14. Rb1 Bd4 15. Rb5 Qd2 16. Rb1 Qxf2+ 17. Kh1 b6 18. h4 Bb7 19. Rg1 Qxg1# 0-1

[Event "Junior Online 4NCL Division 4"]
[Site "online"]
[Date "2021.10.14"]
[EventDate "2021.10.14"]
[Round "5.161"]
[White "Buchan, William Zhao"]
[WhiteElo "1230"]
[WhiteTeam "London Dragons Californium"]
[Black "Amos, Katherine"]
[BlackElo "1414"]
[BlackTeam "Farnham Fantasticos B"]
[Result "0-1"]
[PlyCount "20"]

1. e4 d5 2. exd5 Nf6 3. Nc3 Nxd5 4. Nxd5 Qxd5 5. Be2 e5 6. f3 Bc5 7. Bb5+ c6 8. Be2 O-O 9. Bd3 Qd4 10. Ke2 Qf2# 0-1

[Event "Junior Online 4NCL Division 4"]
[Site "online"]
[Date "2021.10.14"]
[EventDate "2021.10.14"]
[Round "5.162"]
[White "Warnock, Oliver"]
[WhiteElo "1255"]
[WhiteTeam "Farnham Fantasticos B"]
[Black "Tao, Max"]
[BlackElo "1200"]
[BlackTeam "London Dragons Californium"]
[Result "1-0"]
[PlyCount "59"]

1. d4 d5 2. c4 dxc4 3. e4 c5 4. d5 e6 5. Bxc4 b6 6. Nc3 Nf6 7. e5 Nxd5 8. Nxd5 Bb7 9. Bb5+ Nc6 10. Ne3 Qg5 11. Nf3 Qg6 12. O-O a5 13. Qa4 O-O-O 14. Bxc6 Bxc6 15. Qxc6+ Kb8 16. Qxb6+ Kc8 17. Qa6+ Kb8 18. Nc4 Be7 19. Qb5+ Kc8 20. Nb6+ Kc7 21. Be3 Rd5 22. Nxd5+ Kc8 23. Qc6+ Kb8 24. Qb6+ Ka8 25. Nxe7 Qe4 26. Bxc5 Qb7 27. Qxa5+ Kb8 28. Bd6+ Qc7 29. Nc6+ Kc8 30. Qxc7# 1-0

[Event "Junior Online 4NCL Division 4"]
[Site "online"]
[Date "2021.10.14"]
[EventDate "2021.10.14"]
[Round "5.163"]
[White "Yang, Miao"]
[WhiteElo "1240"]
[WhiteTeam "London Dragons Californium"]
[Black "Warren, Orla"]
[BlackElo "1140"]
[BlackTeam "Farnham Fantasticos B"]
[Result "0-1"]
[PlyCount "50"]

1. e4 e6 2. d4 d5 3. e5 c5 4. Nf3 Nc6 5. Be3 Qb6 6. Nc3 Bd7 7. Qd2 Nh6 8. O-O-O Nf5 9. Bd3 cxd4 10. Nxd4 Nfxd4 11. Bxd4 Nxd4 12. Rhe1 Bb4 13. a3 Bxc3 14. Qxc3 Bb5 15. Bxb5+ Nxb5 16. Qb4 a5 17. Qb3 O-O 18. f4 Rfc8 19. g4 Qc5 20. Kb1 Nd4 21. Qxb7 Qxc2+ 22. Ka2 Qc4+ 23. Kb1 Rab8 24. Qd7 Qc2+ 25. Ka2 Qxb2# 0-1

[Event "Junior Online 4NCL Division 4"]
[Site "online"]
[Date "2021.10.14"]
[EventDate "2021.10.14"]
[Round "5.164"]
[White "Lumsden, Emmanuel"]
[WhiteElo "1064"]
[WhiteTeam "Farnham Fantasticos B"]
[Black "Yang, Mingkun"]
[BlackElo "1250"]
[BlackTeam "London Dragons Californium"]
[Result "1-0"]
[PlyCount "35"]

1. e4 e5 2. Nf3 Nc6 3. Bc4 Bc5 4. b4 Bxb4 5. c3 Bc5 6. d4 exd4 7. cxd4 Bxd4 8. Nxd4 Nxd4 9. Qxd4 Nf6 10. Bg5 h6 11. Bxf6 gxf6 12. O-O O-O 13. Re1 Re8 14. Nc3 b6 15. Qe3 Kh8 16. Qxh6+ Kg8 17. Qg6+ Kf8 18. Qxf7# 1-0

[Event "Junior Online 4NCL Division 4"]
[Site "online"]
[Date "2021.10.14"]
[EventDate "2021.10.14"]
[Round "5.165"]
[White "Amos, Katherine"]
[WhiteElo "1414"]
[WhiteTeam "Farnham Fantasticos B"]
[Black "Buchan, William Zhao"]
[BlackElo "1230"]
[BlackTeam "London Dragons Californium"]
[Result "1-0"]
[PlyCount "71"]

1. e4 e5 2. Nf3 Nc6 3. Bc4 Bc5 4. O-O Nf6 5. Nc3 O-O 6. a3 h6 7. b4 Bb6 8. Bb2 a5 9. Nd5 Nxe4 10. Nxb6 cxb6 11. d3 Nf6 12. Bxe5 Nxe5 13. Nxe5 d5 14. Bb3 Re8 15. Nf3 Bg4 16. d4 Bxf3 17. Qxf3 axb4 18. axb4 Qd6 19. Rxa8 Rxa8 20. h3 Qxb4 21. Bxd5 Nxd5 22. Qxd5 Rb8 23. c4 Rc8 24. Qxb7 Rxc4 25. d5 Rd4 26. Qc8+ Kh7 27. Qf5+ g6 28. Qxf7+ Kh8 29. Rc1 Rc4 30. Ra1 Rc8 31. Qf6+ Kg8 32. Qxg6+ Kf8 33. Qxh6+ Ke7 34. Ra7+ Ke8 35. Qe6+ Kd8 36. Qd7# 1-0

[Event "Junior Online 4NCL Division 4"]
[Site "online"]
[Date "2021.10.14"]
[EventDate "2021.10.14"]
[Round "5.166"]
[White "Tao, Max"]
[WhiteElo "1200"]
[WhiteTeam "London Dragons Californium"]
[Black "Warnock, Oliver"]
[BlackElo "1255"]
[BlackTeam "Farnham Fantasticos B"]
[Result "0-1"]
[PlyCount "38"]

1. e4 Nf6 2. Nc3 e5 3. Nf3 Nc6 4. d4 exd4 5. Nxd4 Bb4 6. Nxc6 dxc6 7. Qxd8+ Kxd8 8. Bf4 Nxe4 9. O-O-O+ Ke7 10. Nxe4 Be6 11. Ng5 Bxa2 12. Bxc7 f6 13. Ne4 Rac8 14. Nc3 Bxc3 15. Bd6+ Kf7 16. b3 b5 17. Rd3 b4 18. Re3 Rhe8 19. Rg3 Re1# 0-1

[Event "Junior Online 4NCL Division 4"]
[Site "online"]
[Date "2021.10.14"]
[EventDate "2021.10.14"]
[Round "5.167"]
[White "Warren, Orla"]
[WhiteElo "1140"]
[WhiteTeam "Farnham Fantasticos B"]
[Black "Yang, Miao"]
[BlackElo "1240"]
[BlackTeam "London Dragons Californium"]
[Result "0-1"]
[PlyCount "34"]

1. d4 d5 2. Bf4 Bf5 3. e3 Nc6 4. c4 Nf6 5. Nc3 e6 6. Qb3 Qd7 7. Qxb7 Rb8 8. Qxc7 Qxc7 9. Bxc7 Rxb2 10. cxd5 exd5 11. Bb5 Bd7 12. Bxc6 Bxc6 13. Be5 Ng4 14. Nf3 Nxf2 15. Rf1 Nd3+ 16. Kd1 Bb4 17. Ne2 Ba4# 0-1

[Event "Junior Online 4NCL Division 4"]
[Site "online"]
[Date "2021.10.14"]
[EventDate "2021.10.14"]
[Round "5.168"]
[White "Yang, Mingkun"]
[WhiteElo "1250"]
[WhiteTeam "London Dragons Californium"]
[Black "Lumsden, Emmanuel"]
[BlackElo "1064"]
[BlackTeam "Farnham Fantasticos B"]
[Result "0-1"]
[PlyCount "48"]

1. e4 e5 2. Bc4 Nc6 3. Nc3 Bc5 4. Qf3 Nf6 5. d3 Nd4 6. Bg5 Nxc2+ 7. Kf1 Nxa1 8. Nd5 Be7 9. Bxf6 Bxf6 10. Nxf6+ Qxf6 11. Qxf6 gxf6 12. Nf3 Nc2 13. g3 Nd4 14. Nxd4 exd4 15. Bd5 c6 16. Bc4 b5 17. Bb3 a5 18. Bc2 d5 19. exd5 cxd5 20. Bb3 Be6 21. Bd1 Rc8 22. Bh5 Bh3+ 23. Kg1 Rc1+ 24. Bd1 Rxd1# 0-1

[Event "Junior Online 4NCL Division 4"]
[Site "online"]
[Date "2021.10.14"]
[EventDate "2021.10.14"]
[Round "5.171"]
[White "Gabb, Percy"]
[WhiteElo "1100"]
[WhiteTeam "Ojays F"]
[Black "Illingworth-Law, Oscar"]
[BlackElo "1008"]
[BlackTeam "Edgware Gambits G"]
[Result "0-1"]
[PlyCount "38"]

1. e4 e5 2. Nf3 Bc5 3. Bc4 Nf6 4. Nc3 O-O 5. d3 d6 6. Bg5 Bg4 7. h3 Bh5 8. Nd5 Bxf3 9. Qxf3 Nbd7 10. Nxf6+ Nxf6 11. O-O h6 12. Bh4 Qe8 13. Bxf6 gxf6 14. Qg3+ Kh8 15. Rfe1 Rg8 16. Qh4 Qf8 17. Re3 Bxe3 18. fxe3 Qg7 19. Rf1 Qxg2# 0-1

[Event "Junior Online 4NCL Division 4"]
[Site "online"]
[Date "2021.10.14"]
[EventDate "2021.10.14"]
[Round "5.172"]
[White "Bengani, Arihant"]
[WhiteElo "1013"]
[WhiteTeam "Edgware Gambits G"]
[Black "Gray, Anna"]
[BlackElo "1000"]
[BlackTeam "Ojays F"]
[Result "0-1"]
[PlyCount "52"]

1. e4 e5 2. Nf3 Nc6 3. Bd3 Bc5 4. Bc4 Nf6 5. Nc3 O-O 6. O-O d6 7. h3 Be6 8. Bb3 a5 9. d3 h6 10. Be3 a4 11. Bxc5 dxc5 12. Nxa4 Bxb3 13. axb3 Qd6 14. Nc3 Rxa1 15. Qxa1 Nb4 16. Qa7 b6 17. Qa1 Nxc2 18. Qc1 Nb4 19. Nb5 Qxd3 20. Nxc7 Qxb3 21. Nxe5 Nxe4 22. Nb5 Na2 23. Qb1 Nd2 24. Qf5 Nxf1 25. Nd6 Qd1 26. Ndxf7 Ne3+ 0-1

[Event "Junior Online 4NCL Division 4"]
[Site "online"]
[Date "2021.10.14"]
[EventDate "2021.10.14"]
[Round "5.174"]
[White "Patel, Kamran"]
[WhiteElo "930"]
[WhiteTeam "Edgware Gambits G"]
[Black "Gray, Kate"]
[BlackElo "849"]
[BlackTeam "Ojays F"]
[Result "1-0"]
[PlyCount "67"]

1. d4 d5 2. Nf3 Nc6 3. Bf4 Nf6 4. e3 Bf5 5. Be2 e6 6. c3 Be7 7. O-O O-O 8. Nbd2 Bd6 9. Bg3 Bxg3 10. fxg3 h6 11. Ne5 Nxe5 12. dxe5 Nh7 13. g4 Bg6 14. h3 Qh4 15. Nf3 Qg3 16. Qb3 Be4 17. Qxb7 Rfc8 18. Rf2 Ng5 19. Nxg5 hxg5 20. Raf1 Kh7 21. c4 dxc4 22. Qxe4+ g6 23. Rxf7+ Kh6 24. R1f6 Rg8 25. Qxc4 Rh8 26. Qd3 Rag8 27. Re7 Qxe5 28. Rexe6 Kh7 29. Rxg6 c5 30. Rxe5 c4 31. Re7+ Rg7 32. Rgxg7+ Kh6 33. Rh7+ Rxh7 34. Qxh7# 1-0

[Event "Junior Online 4NCL Division 4"]
[Site "online"]
[Date "2021.10.14"]
[EventDate "2021.10.14"]
[Round "5.176"]
[White "Gray, Anna"]
[WhiteElo "1000"]
[WhiteTeam "Ojays F"]
[Black "Bengani, Arihant"]
[BlackElo "1013"]
[BlackTeam "Edgware Gambits G"]
[Result "1-0"]
[PlyCount "151"]

1. e4 e5 2. Nf3 Nc6 3. Bc4 Bc5 4. O-O Nf6 5. d3 O-O 6. Bg5 d6 7. h3 h6 8. Bh4 Be6 9. Bb3 Nd4 10. Nxd4 Bxd4 11. c3 Bc5 12. Nd2 Qe7 13. Qf3 Rfe8 14. Bxf6 Qxf6 15. Qxf6 gxf6 16. Kh1 Kf8 17. f4 Be3 18. Nc4 Bxf4 19. Na5 Bxb3 20. axb3 b6 21. Nc6 Re6 22. Nxa7 Ke7 23. Nb5 Rxa1 24. Rxa1 Kd7 25. Ra7 Kc6 26. Nxc7 Re7 27. Nb5 Rxa7 28. Nxa7+ Kb7 29. Nb5 Kc6 30. c4 Bc1 31. d4 Bxb2 32. d5+ Kc5 33. Kg1 Bd4+ 34. Kh1 h5 35. Nc7 Kb4 36. Nb5 Kxb3 37. Nxd6 h4 38. Kh2 Bc5 39. Nxf7 Kxc4 40. d6 Kd4 41. d7 Be7 42. Nd6 Kc5 43. Nc8 Kc6 44. Nxe7+ Kxd7 45. Nd5 Kc6 46. Nxf6 Kc5 47. Nd5 b5 48. Kg1 b4 49. Nxb4 Kxb4 50. g4 Kc5 51. g5 Kd6 52. Kf2 Ke6 53. Kf3 Kf7 54. Kg4 Kg6 55. Kxh4 Kg7 56. Kh5 Kh7 57. g6+ Kg7 58. h4 Kg8 59. Kh6 Kh8 60. h5 Kg8 61. g7 Kf7 62. Kh7 Kf6 63. g8=Q Ke7 64. Qd5 Kf6 65. Qd6+ Kg5 66. Qxe5+ Kh4 67. h6 Kg4 68. Kg6 Kf3 69. Kg5 Ke3 70. Qf4+ Kd4 71. h7 Kc5 72. h8=Q Kc4 73. e5+ Kc5 74. Qc8+ Kd5 75. Qfc4+ Kxe5 76. Q8c5# 1-0